Wards of Haringey, London - Statistics

General Stats
  • This quiz has been taken 11 times
  • The average score is 12 of 19
Answer Stats
Answer % Correct
Bounds Green
100%
Harringay
100%
Noel Park
100%
Northumberland Park
100%
White Hart Lane
100%
Crouch End
80%
Highgate
80%
Muswell Hill
80%
Tottenham Hale
80%
Alexandria
60%
Hornsey
60%
Seven Sisters
60%
St Ann's
60%
Stroud Green
60%
Bruce Grove
40%
Woodside
40%
Tottenham Green
20%
West Green
20%
Forts Green
0%
No matching quizzes found
Score Distribution
Percent of People with Each Score
Percentile by Number Answered
Your Score History
You have not taken this quiz